Statistics for RollerCoaster Tycoon Rides Quiz

Click here to take the quiz!

General Stats

  • This quiz has been taken 391 times
    (278 since last reset)
  • The average score is 28 of 55

Answer Stats

Answer% Correct
Miniature Railroad
91%
Wooden Roller Coaster
90%
Monorail
88%
Merry-Go-Round
82%
Log Flume
81%
Steel Roller Coaster
81%
Burger Bar
80%
Drink Stall
79%
Bathroom
74%
Scrambled Eggs
72%
Information Kiosk
70%
Fries Stall
69%
Haunted House
67%
Inverted Roller Coaster
66%
Boat Hire
65%
Ferris Wheel
65%
Swinging Ship
65%
Wooden Crazy Rodent Roller Coaster
64%
Mine Theming
60%
Chairlift
59%
River Rapids
59%
Spiral Slide
59%
Steel Corkscrew Roller Coaster
55%
Whoa Belly
53%
Car Ride
49%
Cotton Candy Stall
48%
Ice Cream Stall
48%
Water Slide
48%
Bumper Cars
45%
Go Karts
45%
Classical/Roman Theming
44%
Motion Simulator
44%
Hedge Maze
43%
Suspended Roller Coaster
42%
Observation Tower
41%
Pizza Stall
40%
Balloon Stall
39%
Steel Mini Roller Coaster
39%
3D Cinema
38%
Gravitron
38%
Egyptian Theming
37%
Mine Train Roller Coaster
34%
Reverse Whoa Belly Roller Coaster
33%
Souvenir Stall
33%
Stand Up Steel Roller Coaster
33%
Popcorn Stall
31%
Space Rings
31%
Vertical Roller Coaster
31%
Bobsled Roller Coaster
30%
Single Rail Roller Coaster
23%
Swinging Inverter Ship
23%
Wonderland Theming
23%
Martian Theming
19%
Suspended Single Rail Roller Coaster
14%
Jumping Fountains
7%

Score Distribution

Percentile by Number Answered

Percent of People with Each Score

Your Score History

You have not taken this quiz since the last reset